zpět

Detail výsledku týmu

A-Sport, Hradec Králové

Datum a čas kvízu

29 Celkem bodů Celkový počet nahraných bodů na tomto kvízu bez doplňovacích otázek.
6. Pořadí na kvízu Konečné umístění týmu na tomto kvízu.

Zaznamenané odpovědi

# Otázka Odpověď Body Výsledky
1. V roce 1933 hrál Vlasta Burian... Revizor 1
2. Další bod získáte za napsání j... Alena Vránová 0
3. Napište, jak se nazývá film, z... Atentát, Jiří Sequens 0.5
4. Dědička Zuzana, snoubenka Mila... Hotel Modrá hvězda 0
5. „Z hlediska ___ ___ ___ vražda... vyššího principu mravního 0
6. Různých hereckých a obecně umě... Jiří a Kristian Kodetovi 1
7. Napište křestní jména všech dě... Rudolf, Jan 1
8. Moderátorka Pavlína Wolfová je... František Filipovský 1
9. Tereza Brodská, dcera legendár... Vlak dětství a naděje, Helena Růžičková 0.5
10. Napište křestní jména otce a d... David a Ilja 1